000
00320nam a2200133Ia 4500
005
20260328104256.0
008
260328s9999||||xx |||||||||||||| ||und||
100
_a
Gibbs, Jenny
245
0
_a
Interior Design /
_c
Jenny Gibbs
260
_b
Laurence King
300
_a
224 p.
650
_a
DISEÑO INTERIOR
942
_c
BK
999
_c
10430
_d
10430